01273nam0a22002531 4500001001100000005001700011035002600028100004100054101000800095102000700103105001800110200045700128210003400585215004300619225007600662300004900738320003300787333004300820700002600863701007100889801001800960801002200978852001901000rc\480196820250612185511.0 a(NLR Aleph) 008792778 a20130426d1968 |||y0rusy50 ca0 arus aRU aa z |||||1 aРоторные системы для спуска и посадки космических летательных аппаратов, возвращения отработанных ступеней ракет и десантирования грузовe(По материалам иностр. печати за 1960-1967 гг.)f[Сост. И.К. Томс, Е.И. Ружицкий]gЦАГИ. Бюро науч.-техн. информации a[Москва]cБ. и.d1968 a37 с., включ. обл.cил.d291 aОбзоры. Переводы. Рефератыv№ 258iОбзоры aОтпеч. множит. аппаратом aБиблиогр.: с. 36-37 aОгранич. пользования 1aТомсbИ.К.4220 1aРужицкийbЕ.И.gЕвгений Иванович4220 0aRUbNLRgpsbo 1aRUbELAR2rusmarc aNLRjП11/2256